| 000 | 00000cam 2200000zi 4500 |
| 001 | 9.919919 |
| 003 | CaOODSP |
| 005 | 20260507094834 |
| 006 | m o d f |
| 007 | cr ||||||||||| |
| 008 | 230208t20232023onc o f000 0 moe d |
| 020 | |a9780660475035 |
| 040 | |aCaOODSP|bfre|erda|cCaOODSP |
| 043 | |an-cn--- |
| 086 | 1 |aPS4-69/2023Moe-PDF |
| 245 | 00|aNitshenat ka matshitutuakanit ui tshissiltamuet. |
| 250 | |a[Édition innu-aimun]. |
| 264 | 1|a[Ottawa] : |bSécurité publique Canada = Public Safety Canada, |c[2023] |
| 264 | 4|c©2023 |
| 300 | |a1 ressource en ligne (30 pages) |
| 336 | |atexte|btxt|2rdacontent/fre |
| 337 | |ainformatique|bc|2rdamedia/fre |
| 338 | |aressource en ligne|bcr|2rdacarrier/fre |
| 500 | |aTitre de la couverture. |
| 500 | |aPublié aussi en français sous le titre : Victims of crime : staying informed. |
| 546 | |aTexte en innu-aimun. |
| 650 | 6|aVictimes d'actes criminels|xDroit|zCanada. |
| 650 | 6|aVictimes d'actes criminels|xDroits|zCanada. |
| 650 | 6|aVictimes d'actes criminels|xServices|zCanada. |
| 710 | 1 |aCanada. |bSécurité publique Canada, |eorganisme de publication. |
| 775 | 08|tLes victimes d'actes criminels se tiennent au courant. |w(CaOODSP)9.919910 |
| 791 | |tNitshenat ka matshitutuakanit ui tshissiltamuet.|eeng|w(CaOODSP)9.919918 |
| 794 | |tNitshenat ka matshitutuakanit ui tshissiltamuet.|w(CaOODSP)9.962625 |
| 856 | 40|qPDF|s312 Ko|uhttps://publications.gc.ca/collections/collection_2024/sp-ps/PS4-69-2023-moe.pdf |